Aqua-Themed Trivia Quiz Stats

 Plays Quiz Updated Aug 15, 2017

Score 0/15 Timer 04:00
7 Plays Today
Question Answer % Correct
In what classical language is aqua the word for water?Latin
87.1%
Aquamarine is the birthstone for which month?March
81.8%
What agency launched the Aqua satellite as part of the Earth Observing System in 2002?NASA
76.9%
The constellation Aquarius is represented by Ganymede, Zeus's cup-bearer on what mountain?Olympus
69.3%
The track 'Aquarius/Let the Sunshine In' is a medley of songs that appear in which 1967 musical?Hair
66.5%
Alice Hoffman wrote 'Aquamarine,' which was about what type of mythical creature?mermaid
66.5%
Aqua is an 87-story skyscraper in what American city's Lakeshore East development?Chicago
63.4%
Which AFC East football team's colors include aqua?Miami Dolphins
54.4%
Question Answer % Correct
Danish dance-pop group Aqua is arguably most known for what 1997 breakthrough single?Barbie Girl
54.2%
What actor portrayed the title character in the 2004 film 'The Life Aquatic with Steve Zissou'?Bill Murray
51.6%
Aqua Teen Hunger Force airs during Adult Swim on what US TV network?Cartoon Network
51%
What computer company's graphical user interface (GUI) and visual theme is called 'Aqua'?Apple
50.6%
'Team Aqua' is a fictional villainous team from what Japanese entertainment franchise?Pokémon
49.2%
The Aquaman-featuring Justice League Task Force game can be played on which Sega console?Genesis
48.7%
Aqua Dragons and Sea-Monkeys are formally known as what type of tiny sea animals?brine shrimp
31.6%

You're not logged in!

Compare scores with friends on all Sporcle quizzes.
OR
Log In

Show Comments

Extras

Top Quizzes Today


Score Distribution

Your Account Isn't Verified!

In order to create a playlist on Sporcle, you need to verify the email address you used during registration. Go to your Sporcle Settings to finish the process.

Report this User

Report this user for behavior that violates our Community Guidelines.

Details: